Theory and design of irrigation structures: channels and tube wells, Vol.I / (Record no. 9330)
[ view plain ]
| 000 -LEADER | |
|---|---|
| fixed length control field | 00494cam a2200181ua 4500 |
| 003 - CONTROL NUMBER IDENTIFIER | |
| control field | OSt |
| 008 - FIXED-LENGTH DATA ELEMENTS--GENERAL INFORMATION | |
| fixed length control field | 241111b |||||||| |||| 00| 0 eng d |
| 041 ## - LANGUAGE CODE | |
| Language code of text/sound track or separate title | eng |
| 082 ## - DEWEY DECIMAL CLASSIFICATION NUMBER | |
| Classification number | 631.587 |
| Item number | VAR/TH |
| 100 ## - MAIN ENTRY--AUTHOR NAME | |
| Personal name | Varshney, R.S. |
| 245 ## - TITLE STATEMENT | |
| Title | Theory and design of irrigation structures: channels and tube wells, Vol.I / |
| 250 ## - EDITION STATEMENT | |
| Edition statement | 6 / |
| 260 ## - PUBLICATION, DISTRIBUTION, ETC. (IMPRINT) | |
| Place of publication | Roorkee : |
| Name of publisher | Nem Chand And Bros , |
| Year of publication | 1992. |
| 300 ## - PHYSICAL DESCRIPTION | |
| Number of Pages | 567 ; . |
| 700 1# - ADDED ENTRY--PERSONAL NAME | |
| Personal name | Gupta, R L. |
| 700 1# - ADDED ENTRY--PERSONAL NAME | |
| Personal name | Gupta, S.C. |
| 942 ## - ADDED ENTRY ELEMENTS (KOHA) | |
| Koha item type | Books |
| Withdrawn status | Lost status | Damaged status | Home library | Current library | Date acquired | Full call number | Accession Number | Koha item type | Shelving location |
|---|---|---|---|---|---|---|---|---|---|
| KAUAET | KAUAET | 07/04/2012 | 631.587 VAR/TH | 19332 | Books | ||||
| KAUAET | KAUAET | 07/04/2012 | 631.587 VAR/TH | 19333 | Books | Shelf- 13A | |||
| KAUAET | KAUAET | 13/09/2018 | 627.52 VAR/TH | 18989 | Book Bank scheme for SC students | Scheme | |||
| KAUAET | KAUAET | 13/09/2018 | 627.52 VAR/TH | 18991 | Book Bank scheme for SC students | Scheme | |||
| KAUAET | KAUAET | 13/09/2018 | 627.52 VAR/TH | 18990 | Book Bank scheme for SC students | Scheme |
